| 000 | 01417nam a2200349Ia 4500 | ||
|---|---|---|---|
| 001 | ebr10147155 | ||
| 003 | CaPaEBR | ||
| 006 | m u | ||
| 007 | cr cn||||||||| | ||
| 008 | 960531s1996 onc sb 001 0 eng d | ||
| 010 | _z 96155316 | ||
| 020 | _z9780889202641 | ||
| 020 | _z0889202648 | ||
| 040 |
_aCaPaEBR _cCaPaEBR |
||
| 035 | _a(OCoLC)180704509 | ||
| 050 | 1 | 4 |
_aBV5083 _b.H59 1996eb |
| 082 | 0 | 4 |
_a248.2/2 _220 |
| 100 | 1 |
_aHorne, James R., _d1931- |
|
| 245 | 1 | 0 |
_aMysticism and vocation _h[electronic resource] / _cJames R. Horne. |
| 246 | 1 | 4 | _aMysticism & vocation |
| 260 |
_aWaterloo, Ont. : _bPublished for the Canadian Corporation for Studies in Religion/Corporation Canadienne des Sciences Religieuses by Wilfrid Laurier University Press, _c1996. |
||
| 300 | _av, 110 p. | ||
| 490 | 1 |
_aEditions SR ; _vv. 18 |
|
| 504 | _aIncludes bibliographical references (p. 105-108) and index. | ||
| 533 |
_aElectronic reproduction. _bPalo Alto, Calif. : _cebrary, _d2009. _nAvailable via World Wide Web. _nAccess may be limited to ebrary affiliated libraries. |
||
| 650 | 0 | _aMysticism. | |
| 650 | 0 | _aVocation (in religious orders, congregations, etc.) | |
| 655 | 7 |
_aElectronic books. _2local |
|
| 710 | 2 | _aebrary, Inc. | |
| 830 | 0 |
_aEditions SR ; _vv. 18. |
|
| 856 | 4 | 0 |
_uhttp://site.ebrary.com/lib/rucke/Doc?id=10147155 _zAn electronic book accessible through the World Wide Web; click to view |
| 999 |
_c88649 _d88649 |
||